Biggest citys in South Jutland - Statistics

General Stats
  • This quiz has been taken 8 times
  • The average score is 5 of 5
Answer Stats
Hint Answer % Correct
3 Aabenraa
100%
1 Sønderborg
100%
2 Haderslev
88%
5 Tønder
88%
4 Vojens
75%
No matching quizzes found
Score Distribution
Percent of People with Each Score
Percentile by Number Answered
Your Score History
You have not taken this quiz